[Event "2022 Standard Chess Dropout Tournament, Round 3"]
[Site "SchemingMind.com"]
[Date "2022.12.14"]
[Round "3"]
[White "wight knight"]
[Black "PION4290"]
[Result "0-1"]
[WhiteCountry "ENG"]
[BlackCountry "CAN"]
[WhiteElo "1154"]
[WhiteRD "54"]
[BlackElo "1595"]
[BlackRD "91"]
[GameID "729260"]

1. e4 c6 2. Bc4 d5 3. Bd3 e5 4. b3 d4 5. Ba3 c5 6. Qf3 Nf6 7. Nh3 a6 8. O-O b5 9. c3 Nc6 10. Ng5 Bg4
11. Qg3 Qd7 12. h3 Be6 13. Nxe6 Qxe6 14. b4 Nh5 15. bxc5 Nxg3 16. fxg3 Na5 17. g4 Nc4 18. Bxc4 Qxc4 19. Rf5 f6 20. g5 Bxc5
21. Bxc5 Qxc5 22. gxf6 dxc3+ 23. Kh2 cxd2 24. Nxd2 g6 25. Nb3 Qd6 26. g4 gxf5 27. g5 Rc8 28. exf5 Rc2+ 29. Kg3 e4+ 30. Kh4 Qf4+
31. Kh5 Rh2 32. Kh6 Kf7 33. Nd4 Rxh3#
0-1

[Event "2022 Standard Chess Dropout Tournament, Round 3"]
[Site "SchemingMind.com"]
[Date "2022.12.14"]
[Round "3"]
[White "witkatz"]
[Black "George Dimitrov"]
[Result "0-1"]
[WhiteCountry "GER"]
[BlackCountry "BUL"]
[WhiteElo "1776"]
[WhiteRD "75"]
[BlackElo "2496"]
[BlackRD "123"]
[GameID "729261"]

1. e4 e5 2. Nc3 Nf6 3. g3 Bc5 4. Bg2 O-O 5. Nge2 c6 6. O-O d5 7. d4 exd4 8. Nxd4 Bg4 9. f3 dxe4 10. fxg4 Bxd4+
11. Kh1 Bxc3 12. bxc3 Qxd1 13. Rxd1 Nxg4 14. Re1 f5 15. Bf4 Nd7 16. Rab1 b6 17. c4 Rfe8 18. Re2 Nde5 19. h3 Nf6 20. a4 Nxc4
0-1

[Event "2022 Standard Chess Dropout Tournament, Round 3"]
[Site "SchemingMind.com"]
[Date "2022.12.13"]
[Round "3"]
[White "zygyzag"]
[Black "Andreas Flato"]
[Result "1-0"]
[WhiteCountry "ENG"]
[BlackCountry "GER"]
[WhiteElo "2102"]
[WhiteRD "123"]
[BlackElo "1894"]
[BlackRD "121"]
[GameID "729262"]

1. d4 Nf6 2. Bg5 g6 3. Bxf6 exf6 4. e3 Bg7 5. g3 d5 6. Bg2 c6 7. Nd2 O-O 8. Ne2 Be6 9. Nf4 Nd7 10. c4 dxc4
11. Nxe6 fxe6 12. Nxc4 Nb6 13. Qb3 Nxc4 14. Qxc4 Qa5+ 15. b4 Qf5 16. e4 Qg4 17. h3 Qg5 18. Qxe6+ Kh8 19. h4 Qb5 20. Qb3 a5
21. bxa5 Qxa5+ 22. Kf1 f5 23. e5 Rfd8 24. h5 g5 25. h6 Bf8 26. Qf7 Rxd4 27. Qf6+ Kg8 28. Rh5 Qb5+ 29. Kg1 Rg4 30. Rd1 Qe2
31. Qe6+ Kh8 32. Rd7 Qe1+ 33. Kh2 Qxf2 34. Qf6+ Kg8 35. Qf7+ Kh8 36. Qxh7#
1-0

[Event "2022 Standard Chess Dropout Tournament, Round 4"]
[Site "SchemingMind.com"]
[Date "2023.05.27"]
[Round "4"]
[White "Andoni Zabala"]
[Black "NYNH"]
[Result "1-0"]
[WhiteCountry "INT"]
[BlackCountry "USA"]
[WhiteElo "1816"]
[WhiteRD "92"]
[BlackElo "1893"]
[BlackRD "106"]
[GameID "734340"]

1. d4 Nf6 2. c4 c5 3. d5 b5 4. Nf3 e6 5. e3 Bb7 6. e4 Nxe4 7. Bd3 Nf6 8. b3 Be7 9. O-O bxc4 10. bxc4 O-O
11. dxe6 dxe6 12. Bb2 Nc6 13. a3 Qc7 14. Qc2 h6 15. Nbd2 Rfd8 16. Rad1 Rd7 17. Ne4 Nxe4 18. Bxe4 Rad8 19. Rxd7 Qxd7 20. Ne5 Nxe5
21. Bxb7 Qxb7 22. Bxe5 Qd7 23. Qb2 Bf8 24. h3 Qd2 25. Qb7 Rd7 26. Qa6 Qe2 27. Qa4 Rd2 28. Bf4 Rc2 29. Be3 g6 30. g3 Rxc4
31. Qxa7 Rc2 32. a4 Ra2 33. a5 c4 34. Qc7 Qd3 35. Rc1 Qd5 36. Bb6 Ba3 37. Qc8+ Kg7 38. Rf1 Bd6 39. Kh2 Qe5 40. Kg1 Qe4
41. Rc1 Bxg3 42. Qxc4 Qxc4 43. Rxc4 Be5 44. Rc5
1-0

[Event "2022 Standard Chess Dropout Tournament, Round 4"]
[Site "SchemingMind.com"]
[Date "2023.05.29"]
[Round "4"]
[White "Ricardo Martinez Puigros"]
[Black "Matthew Bailey"]
[Result "1/2-1/2"]
[WhiteCountry "ESP"]
[BlackCountry "ENG"]
[WhiteElo "2531"]
[WhiteRD "110"]
[BlackElo "2553"]
[BlackRD "68"]
[GameID "734341"]

1. d4 d5 2. c4 e6 3. Nc3 c6 4. e3 Nf6 5. Nf3 Nbd7 6. Qc2 Bd6 7. b3 O-O 8. Be2 b6 9. O-O Bb7 10. Bb2 Re8
11. Rad1 Qe7 12. Rfe1 Rad8 13. Bf1 c5 14. cxd5 exd5 15. dxc5 bxc5 16. Ne2 Qf8 17. Ng3 a6 18. Qc1 h6 19. Bd3 g6 20. Qc2 Ne5
21. Nxe5 Bxe5 22. Bxe5 Rxe5 23. Rc1 Rc8 24. Qb2 Qd6 25. Be2 h5 26. Bf3 h4 27. Nf1 h3 28. gxh3 Qe7 29. Red1 Nh5 30. Ng3 Re8
31. Qc3 d4 32. exd4 cxd4 33. Rxd4 Rc8 34. Rc4 Rxc4 35. bxc4 Nf4 36. c5 Bxf3 37. Qxf3 Qg5 38. Kf1 Nxh3 39. Qc3 Nf4 40. Re1 Rxe1+
41. Kxe1 Qd5 42. c6 Qxa2 43. c7 Qe6+=
1/2-1/2

[Event "2022 Standard Chess Dropout Tournament, Round 4"]
[Site "SchemingMind.com"]
[Date "2023.05.27"]
[Round "4"]
[White "Mike Winslow"]
[Black "Milan"]
[Result "1/2-1/2"]
[WhiteCountry "USA"]
[BlackCountry "CZE"]
[WhiteElo "1969"]
[WhiteRD "96"]
[BlackElo "1897"]
[BlackRD "113"]
[GameID "734343"]

1. d4 d5 2. c4 e6 3. Nf3 Nf6 4. g3 c6 5. Bg2 dxc4 6. Ne5 Bb4+ 7. Bd2 Qxd4 8. Bxb4 Qxe5 9. Na3 b5 10. Bc3 Qc5
11. Bd4 Qb4+ 12. Bc3 Qc5 13. Bd4 Qb4+ 14. Bc3 Qc5=
1/2-1/2

[Event "2022 Standard Chess Dropout Tournament, Round 4"]
[Site "SchemingMind.com"]
[Date "2023.05.25"]
[Round "4"]
[White "Robert Bruce"]
[Black "eliecercruzr"]
[Result "1/2-1/2"]
[WhiteCountry "SCO"]
[BlackCountry "CUB"]
[WhiteElo "2279"]
[WhiteRD "66"]
[BlackElo "2304"]
[BlackRD "68"]
[GameID "734344"]

1. f4 d5 2. Nf3 c5 3. e3 e6 4. Bb5+ Nd7 5. b3 Nf6 6. O-O a6 7. Be2 Bd6 8. c4 O-O 9. Bb2 Qc7 10. Qe1 Re8
11. Ne5 Nxe5 12. fxe5 Bxe5 13. Bxe5 Qxe5 14. Nc3 Bd7 15. Qf2 d4 16. Na4 Bxa4 17. bxa4 Qd6 18. Rab1 dxe3 19. dxe3 Rab8 20. Bf3 b6
21. Rfd1 Qc7 22. Qg3 e5 23. Bd5 Qd7 24. a5 b5 25. Qf3 Qc8 26. cxb5 axb5 27. a4 b4 28. Bc4 Qc7 29. a6 e4 30. Qf5 h6
31. Rd2 b3 32. h3 Rb4 33. Qf1 Qg3 34. Qe2 Rc8 35. Rdd1 Rxa4 36. Rxb3 Nh7 37. Bb5 Ra5 38. Qd2 Ng5 39. Qxa5 Nxh3+=
1/2-1/2

[Event "2022 Standard Chess Dropout Tournament, Round 4"]
[Site "SchemingMind.com"]
[Date "2023.05.29"]
[Round "4"]
[White "Carlos Vila Hernández"]
[Black "carra1971"]
[Result "1/2-1/2"]
[WhiteCountry "CUB"]
[BlackCountry "CUB"]
[WhiteElo "2551"]
[WhiteRD "89"]
[BlackElo "2474"]
[BlackRD "98"]
[GameID "734345"]

1. e4 e5 2. Nf3 Nc6 3. Bb5 Nf6 4. O-O Nxe4 5. d4 Nd6 6. Bxc6 dxc6 7. dxe5 Nf5 8. Qxd8+ Kxd8 9. Rd1+ Ke8 10. Nc3 Ne7
11. Be3 Ng6 12. h3 Bb4 13. Ne2 a5 14. Nf4 Nxf4 15. Bxf4 a4 16. Nd4 Bc5 17. Rd3 Bxd4 18. Rxd4 h6 19. Be3 Ke7 20. g4 Ra5
21. a3 Re8 22. Rad1 Rxe5 23. Rxa4 Kf8 24. Bd4 Re2=
1/2-1/2

[Event "2022 Standard Chess Dropout Tournament, Round 4"]
[Site "SchemingMind.com"]
[Date "2023.05.29"]
[Round "4"]
[White "Diadoco"]
[Black "echecs"]
[Result "1-0"]
[WhiteCountry "MEX"]
[BlackCountry "ENG"]
[WhiteElo "1940"]
[WhiteRD "104"]
[BlackElo "1773"]
[BlackRD "100"]
[GameID "734347"]

1. e4 e5 2. Nf3 Nc6 3. Bc4 Be7 4. O-O Nf6 5. Re1 O-O 6. c3 d6 7. h3 Be6 8. Bxe6 fxe6 9. Qb3 Qc8 10. d4 Kh8
11. dxe5 dxe5 12. Bg5 a6 13. Nbd2 Na5 14. Qc2 Bd6 15. Rad1 b6 16. b4 Nb7 17. Nc4 h6 18. Bh4 b5 19. Ncxe5 Kg8 20. Ng6 Nh5
21. e5 Rxf3 22. exd6 Rf7 23. Ne7+ Rxe7 24. dxe7 Qe8 25. Qe4 Nd6 26. Qxe6+ Kh8 27. Bg3
1-0

[Event "2022 Standard Chess Dropout Tournament, Round 4"]
[Site "SchemingMind.com"]
[Date "2023.05.29"]
[Round "4"]
[White "echecs"]
[Black "John C. Walton"]
[Result "0-1"]
[WhiteCountry "ENG"]
[BlackCountry "USA"]
[WhiteElo "1773"]
[WhiteRD "100"]
[BlackElo "2561"]
[BlackRD "117"]
[GameID "734348"]

1. e4 c6 2. d4 d5 3. exd5 cxd5 4. Nf3 Nc6 5. c3 Bf5 6. Be2 e6 7. Nbd2 h6 8. O-O Bd6 9. a3 Nf6 10. b4 O-O
11. Nb3 Qc7 12. g3 Ne4 13. Bb2 Bh3 14. Re1 f5 15. Nc5 f4 16. Bf1 fxg3 17. fxg3 Bg4 18. Be2 Bxg3 19. Nxe4 dxe4 20. Ne5 Nxe5
21. hxg3 Nd3
0-1

[Event "2022 Standard Chess Dropout Tournament, Round 4"]
[Site "SchemingMind.com"]
[Date "2023.05.25"]
[Round "4"]
[White "FcoRego"]
[Black "Mike Winslow"]
[Result "1-0"]
[WhiteCountry "ESP"]
[BlackCountry "USA"]
[WhiteElo "1955"]
[WhiteRD "97"]
[BlackElo "1980"]
[BlackRD "99"]
[GameID "734349"]

1. c4 Nf6 2. Nf3 b6 3. g3 Bb7 4. Bg2 e6 5. O-O Be7 6. Nc3 O-O 7. d3 d5 8. cxd5 exd5 9. Bd2 Nbd7 10. Qc2 c5
11. d4 Ne4 12. dxc5 Nxc3 13. Bxc3 bxc5 14. e3 Rc8 15. Rfd1 Re8 16. Qb3 Nb6 17. Ba5 Bf8 18. Rac1 Qf6 19. Ne1 c4 20. Qc2 Qe6
21. Nf3 h6 22. Nd4 Qd7 23. b3 cxb3 24. Qxb3 Qa4 25. Bxb6 Qxb3 26. Nxb3 axb6 27. Rxc8 Rxc8 28. Bxd5 Bxd5 29. Rxd5 Rc2 30. Rd2 Rxd2
31. Nxd2 f5 32. Kf1 Kf7 33. Ke2 Ke6 34. Kd3 Kd5 35. Nf3 Be7 36. Nd4 Ke5 37. Nc6+ Kd6 38. Nxe7 Kxe7 39. Kc4 Kd6 40. Kb5 Kc7
41. f3
1-0

[Event "2022 Standard Chess Dropout Tournament, Round 4"]
[Site "SchemingMind.com"]
[Date "2023.05.29"]
[Round "4"]
[White "FransEvers"]
[Black "Dan Geana"]
[Result "0-1"]
[WhiteCountry "NED"]
[BlackCountry "ROU"]
[WhiteElo "2012"]
[WhiteRD "105"]
[BlackElo "2556"]
[BlackRD "123"]
[GameID "734350"]

1. e4 c5 2. c3 g6 3. Nf3 d5 4. exd5 Qxd5 5. d4 Bg7 6. Be3 cxd4 7. cxd4 Qa5+ 8. Nc3 Nh6 9. Bd3 Nf5 10. O-O Nxe3
11. fxe3 O-O 12. a3 Nc6 13. Rc1 Bg4 14. h3 Bxf3 15. Qxf3 Rac8 16. Ne4 Qd8 17. Kh1 e6 18. Bc4 Ne7 19. g4 Rc6 20. b3 Nd5
21. Rcd1 Nb6 22. Bd3 Nd5 23. Bc4 Nb6 24. Bd3 Bh6 25. Nf6+ Kh8 26. Be4 Rc3 27. Rd3 Rxd3 28. Bxd3 Bg7 29. Be4 Qxf6 30. Qxf6 Bxf6
31. Rxf6 Kg7 32. Rf3 Rc8 33. Bxb7 Rc3 34. Kg2 Rxb3 35. e4 Rb2+ 36. Rf2 Rb1 37. Rf1 Rxf1 38. Kxf1 Nc4 39. a4 Na5 40. Ba8 Nb3
41. d5 Nc5 42. d6 Kf6 43. Bc6 e5 44. Bd5 a5 45. h4 h6 46. Ke2 g5 47. hxg5+ hxg5 48. Ke3 Nxa4 49. Kd3 Nb6 50. Kc3 Kg7
0-1

[Event "2022 Standard Chess Dropout Tournament, Round 4"]
[Site "SchemingMind.com"]
[Date "2023.05.26"]
[Round "4"]
[White "George Dimitrov"]
[Black "Jon Coles"]
[Result "1/2-1/2"]
[WhiteCountry "BUL"]
[BlackCountry "WLS"]
[WhiteElo "2536"]
[WhiteRD "103"]
[BlackElo "2481"]
[BlackRD "91"]
[GameID "734351"]

1. e4 c6 2. d4 d5 3. exd5 cxd5 4. c4 Nf6 5. Nc3 Nc6 6. Nf3 Bg4 7. cxd5 Nxd5 8. Qb3 Bxf3 9. gxf3 e6 10. Qxb7 Nxd4
11. Bb5+ Nxb5 12. Qc6+ Ke7 13. Qxb5 Qd7 14. Nxd5+ Qxd5 15. Qxd5 exd5 16. O-O Ke6 17. Re1+ Kf5 18. Be3 Be7 19. Rac1 Bf6 20. Rc5 Rhd8
21. b3 Rac8 22. Rec1 Rxc5 23. Rxc5 Be5 24. h3 f6 25. Bd2=
1/2-1/2

[Event "2022 Standard Chess Dropout Tournament, Round 4"]
[Site "SchemingMind.com"]
[Date "2023.05.25"]
[Round "4"]
[White "Giraldo Menendez Rodriguez"]
[Black "Robert Bruce"]
[Result "1-0"]
[WhiteCountry "CUB"]
[BlackCountry "SCO"]
[WhiteElo "2571"]
[WhiteRD "86"]
[BlackElo "2294"]
[BlackRD "68"]
[GameID "734352"]

1. Nf3 b6 2. c4 Bb7 3. d4 e6 4. Nc3 Bb4 5. Bd2 Nf6 6. g3 c5 7. dxc5 Bxc5 8. Bg2 O-O 9. O-O Be7 10. Bf4 d6
11. Nb5 Ne8 12. Qd3 Na6 13. Qc2 Qc8 14. Rfd1 e5 15. Bd2 Nc5 16. Be3 f5 17. b4 Ne4 18. Rac1 f4 19. gxf4 exf4 20. Bd4 Kh8
21. Qd3 N8f6 22. h3 Ng8 23. a4 a5 24. Bxb6 axb4 25. a5 Nc5 26. Qb1 Rf6 27. Qxb4 Nh6 28. Nc7 Na6 29. Nxa6 Rxa6 30. c5 Rg6
31. c6 Qxh3 32. Ne1 f3 33. exf3 Bc8 34. Qe4 Nf5 35. c7 h6 36. Qa4 Kh7 37. Qe8
1-0

[Event "2022 Standard Chess Dropout Tournament, Round 4"]
[Site "SchemingMind.com"]
[Date "2023.05.27"]
[Round "4"]
[White "Helga1946"]
[Black "peeuukoo"]
[Result "1-0"]
[WhiteCountry "GER"]
[BlackCountry "FIN"]
[WhiteElo "2411"]
[WhiteRD "74"]
[BlackElo "1697"]
[BlackRD "92"]
[GameID "734355"]

1. c4 Nf6 2. d4 d5 3. cxd5 Qxd5 4. Nc3 Qd8 5. Nf3 e6 6. e4 Bb4 7. Bd3 O-O 8. e5 Nd5 9. Bxh7+ Kh8 10. Ng5 g6
11. Qf3 Kg7 12. Qh3
1-0

[Event "2022 Standard Chess Dropout Tournament, Round 4"]
[Site "SchemingMind.com"]
[Date "2023.05.25"]
[Round "4"]
[White "eliecercruzr"]
[Black "The Chess Machine"]
[Result "1/2-1/2"]
[WhiteCountry "CUB"]
[BlackCountry "ENG"]
[WhiteElo "2320"]
[WhiteRD "69"]
[BlackElo "2477"]
[BlackRD "68"]
[GameID "734356"]

1. e4 e5 2. Nf3 Nc6 3. d4 exd4 4. Nxd4 Nf6 5. Nxc6 bxc6 6. e5 Qe7 7. Qe2 Nd5 8. c4 Nb6 9. Nc3 Qe6 10. f4 Bb4
11. Qc2 a5 12. Bd3 Ba6 13. b3 d5 14. O-O dxc4 15. Bf5 cxb3 16. axb3 Qe7 17. Rf2 Qc5 18. Na2 Qxc2 19. Rxc2 Be7 20. Rxc6 g6
21. Bg4 Bb5 22. Rxc7=
1/2-1/2

[Event "2022 Standard Chess Dropout Tournament, Round 4"]
[Site "SchemingMind.com"]
[Date "2023.05.29"]
[Round "4"]
[White "Jari Laine"]
[Black "Juan Jose Rivas Maceda"]
[Result "1/2-1/2"]
[WhiteCountry "FIN"]
[BlackCountry "PER"]
[WhiteElo "2521"]
[WhiteRD "87"]
[BlackElo "2520"]
[BlackRD "74"]
[GameID "734357"]

1. d4 d5 2. c4 e6 3. Nf3 Nf6 4. Nc3 c6 5. e3 Nbd7 6. Be2 Bd6 7. O-O O-O 8. b3 b6 9. Bb2 Bb7 10. Bd3 c5
11. cxd5 Nxd5 12. Nxd5 Bxd5 13. e4 Bb7 14. d5 exd5 15. exd5 Be7 16. Qc2 h6 17. Rad1 Bf6 18. Bc4 Re8 19. Bc1 Ne5 20. Nxe5 Bxe5
21. Bb2 Qd6 22. h3 a6 23. a4 Qf6 24. Bxe5 Rxe5 25. Qc3 Rae8 26. Rd2 Rd8 27. Rd3 Rf5 28. Qxf6 Rxf6 29. Rfd1 Rfd6 30. h4 Re8
31. f3 Kf8=
1/2-1/2

[Event "2022 Standard Chess Dropout Tournament, Round 4"]
[Site "SchemingMind.com"]
[Date "2023.05.29"]
[Round "4"]
[White "Jon Coles"]
[Black "Ninaner2"]
[Result "1-0"]
[WhiteCountry "WLS"]
[BlackCountry "NED"]
[WhiteElo "2489"]
[WhiteRD "92"]
[BlackElo "2330"]
[BlackRD "102"]
[GameID "734358"]

1. d4 Nf6 2. c4 e6 3. g3 d5 4. Bg2 Be7 5. Nf3 O-O 6. O-O dxc4 7. Qc2 a6 8. a4 Nc6 9. Qxc4 Qd5 10. Nbd2 Re8
11. e3 Qh5 12. h3 Bd6 13. e4 e5 14. g4 Bxg4 15. hxg4 Nxg4 16. d5 Nd4 17. Re1 f5 18. b4 b5 19. Qc3 Rab8 20. axb5 Nxb5
21. Qb3 Nd4 22. Nxd4 exd4 23. Qh3 Qg6 24. Rxa6 Rxb4 25. Rc6 Rbb8 26. f4 fxe4 27. Bxe4 Rxe4 28. Nxe4 Ne5+ 29. Ng5 Nxc6 30. dxc6 Rf8
31. Qb3+ Kh8 32. Qe6 Qd3 33. Kh2 Qc2+ 34. Kg3 h6 35. Nf7+ Kh7 36. Ng5+ Kh8 37. Qe4 Qb3+ 38. Nf3 d3 39. Bd2 Kg8 40. Kg4 Qf7
41. Nd4 Qa2 42. Qxd3 Rf6 43. Qb3+ Qxb3 44. Nxb3 Kf7 45. Re4 Rg6+ 46. Kf3 h5 47. Na5 h4 48. Nc4 Kg8 49. Re8+ Kh7 50. Re2 Kg8
51. Be1 Bxf4 52. Kxf4 Rxc6 53. Ne5 Rf6+ 54. Kg4 h3 55. Bg3 Re6 56. Bf4 Kf8 57. Rd2 Ke8 58. Kf5
1-0

[Event "2022 Standard Chess Dropout Tournament, Round 4"]
[Site "SchemingMind.com"]
[Date "2023.05.27"]
[Round "4"]
[White "Keith McLaughlin"]
[Black "Andoni Zabala"]
[Result "1-0"]
[WhiteCountry "ENG"]
[BlackCountry "INT"]
[WhiteElo "2328"]
[WhiteRD "119"]
[BlackElo "1746"]
[BlackRD "97"]
[GameID "734359"]

1. e4 c6 2. d4 d5 3. e5 Bf5 4. Be2 e6 5. Nf3 c5 6. Be3 Qb6 7. Nc3 Qxb2 8. Qb1 Qb6 9. dxc5 Bxc5 10. Bb5+ Nc6
11. Na4 Qa5+ 12. Bd2 Bxc2 13. Bxc6+ bxc6 14. Qxc2 Qb5 15. Nxc5 Ne7 16. Rb1 Qc4 17. Qxc4 dxc4 18. Ke2 O-O 19. Rhc1 Rfc8 20. Rxc4 Nd5
21. Rb7 h6 22. Ra4 Rc7 23. Rxc7 Nxc7 24. Nd4 Rd8 25. Nxc6
1-0

[Event "2022 Standard Chess Dropout Tournament, Round 4"]
[Site "SchemingMind.com"]
[Date "2023.05.26"]
[Round "4"]
[White "lawyertheologian"]
[Black "FransEvers"]
[Result "0-1"]
[WhiteCountry "USA"]
[BlackCountry "NED"]
[WhiteElo "1990"]
[WhiteRD "91"]
[BlackElo "2015"]
[BlackRD "101"]
[GameID "734360"]

1. e4 d6 2. d4 Nf6 3. Nc3 e5 4. Nf3 Nbd7 5. Bc4 Be7 6. O-O O-O 7. Qe2 exd4 8. Nxd4 Ne5 9. Bb3 c5 10. Nf5 Bxf5
11. exf5 Qc8 12. f4 Nc6 13. g4 c4 14. Bxc4 Nd4 15. Qxe7 Qxc4 16. Qxb7 d5 17. Rb1 Rfb8 18. Qe7 Re8 19. Qd6 Ne2+ 20. Nxe2 Rxe2
21. Qa3 Qd4+ 22. Kh1 Nxg4 23. Qg3 Rxh2+ 24. Qxh2 Nxh2 25. Kxh2 Re8
0-1

[Event "2022 Standard Chess Dropout Tournament, Round 4"]
[Site "SchemingMind.com"]
[Date "2023.05.29"]
[Round "4"]
[White "Rubén Pulido "]
[Black "Jari Laine"]
[Result "1/2-1/2"]
[WhiteCountry "CUB"]
[BlackCountry "FIN"]
[WhiteElo "2527"]
[WhiteRD "105"]
[BlackElo "2513"]
[BlackRD "86"]
[GameID "734361"]

1. Nf3 d5 2. d4 Nf6 3. c4 e6 4. Nc3 c5 5. cxd5 Nxd5 6. e4 Nxc3 7. bxc3 cxd4 8. cxd4 Bb4+ 9. Bd2 Bxd2+ 10. Qxd2 O-O
11. Bc4 Nd7 12. O-O b6 13. Rfe1 Bb7 14. Rad1 Rc8 15. Bb3 h6 16. h3 Nf6 17. d5 exd5 18. exd5 Re8 19. Ne5 Qd6 20. f4 b5
21. Kh2 Re7 22. a3 a6 23. Re3 Nh5 24. Qd4 Rd8 25. Rc1 Qf6 26. Rf3 Qd6 27. Re3 Qf6 28. Rf3 Qd6=
1/2-1/2

[Event "2022 Standard Chess Dropout Tournament, Round 4"]
[Site "SchemingMind.com"]
[Date "2023.05.25"]
[Round "4"]
[White "William Lindberg"]
[Black "zygyzag"]
[Result "1-0"]
[WhiteCountry "USA"]
[BlackCountry "ENG"]
[WhiteElo "2343"]
[WhiteRD "66"]
[BlackElo "2054"]
[BlackRD "113"]
[GameID "734362"]

1. c4 e5 2. Nc3 Bb4 3. Nd5 Ba5 4. b4 c6 5. bxa5 cxd5 6. cxd5 Nf6 7. Qa4 O-O 8. e4 d6 9. Ba3 Ne8 10. Bb5 f5
11. Ne2 fxe4 12. Bxe8 Rxe8 13. Ng3 b5 14. axb6 Ba6 15. bxa7 Rxa7 16. Nxe4 Nd7 17. Nxd6 Nb6 18. Qxe8+ Qxe8 19. Nxe8 Nxd5 20. Nd6 Bd3
21. Rc1 h6 22. Bb2 e4 23. a3 Nf4 24. Rc8+ Kh7 25. g3 Nh3 26. Rb8 Ng5 27. h4 Ne6 28. h5 Rd7 29. Ne8 Nd4 30. Nxg7 Kxg7
31. Rb4
1-0

[Event "2022 Standard Chess Dropout Tournament, Round 4"]
[Site "SchemingMind.com"]
[Date "2023.05.25"]
[Round "4"]
[White "Juan Jose Rivas Maceda"]
[Black "George Dimitrov"]
[Result "1/2-1/2"]
[WhiteCountry "PER"]
[BlackCountry "BUL"]
[WhiteElo "2542"]
[WhiteRD "87"]
[BlackElo "2536"]
[BlackRD "103"]
[GameID "734363"]

1. e4 e5 2. Nf3 Nc6 3. Bb5 a6 4. Ba4 Nf6 5. O-O Be7 6. Re1 b5 7. Bb3 d6 8. c3 O-O 9. h3 Bb7 10. d4 Re8
11. Nbd2 Bf8 12. a3 h6 13. Bc2 Nb8 14. b3 Nbd7 15. Bb2 c6 16. Nf1 Qc7 17. Ng3 a5 18. Rb1 c5 19. d5 c4 20. bxc4 bxc4
21. Bc1 Nc5 22. Be3 Ba6 23. Ba4 Nxa4 24. Qxa4 Reb8 25. Nd2 g6 26. Ngf1 h5 27. f3 Be7 28. Bf2 Bd8 29. Ne3 Rc8 30. h4 Kg7=
1/2-1/2

[Event "2022 Standard Chess Dropout Tournament, Round 4"]
[Site "SchemingMind.com"]
[Date "2023.05.25"]
[Round "4"]
[White "Matthew Bailey"]
[Black "Carlos Vila Hernández"]
[Result "1/2-1/2"]
[WhiteCountry "ENG"]
[BlackCountry "CUB"]
[WhiteElo "2573"]
[WhiteRD "68"]
[BlackElo "2561"]
[BlackRD "88"]
[GameID "734364"]

1. e4 e5 2. Nc3 Nf6 3. Nf3 Nc6 4. a3 d5 5. exd5 Nxd5 6. Bb5 Nxc3 7. bxc3 Bd6 8. d4 exd4 9. Qe2+ Qe7 10. Qxe7+ Bxe7
11. cxd4 Bd7 12. O-O O-O-O 13. Be3 Rhe8 14. Rfe1 Bf6 15. c3 h6 16. Nd2 Na5 17. Bd3 Kb8 18. Ne4 Bh4 19. g3 Be7 20. Nd2 Bg5
21. f4 Be7 22. a4 c5 23. Nf3 cxd4 24. Bxd4 Nb3 25. Ne5 Nxa1 26. Nxd7+ Rxd7 27. Bb5 Rc7 28. Bxe8 Nc2 29. Re5 Bf6 30. Rd5 Nxd4
31. cxd4 a6 32. Kf1 Re7 33. Bd7 Re4 34. Kg2 Rxd4 35. Rxd4 Bxd4 36. Be8 f6=
1/2-1/2

[Event "2022 Standard Chess Dropout Tournament, Round 4"]
[Site "SchemingMind.com"]
[Date "2023.05.29"]
[Round "4"]
[White "Milan"]
[Black "Abstract Actuary"]
[Result "1/2-1/2"]
[WhiteCountry "CZE"]
[BlackCountry "USA"]
[WhiteElo "1897"]
[WhiteRD "113"]
[BlackElo "1928"]
[BlackRD "98"]
[GameID "734365"]

1. d4 e6 2. Nf3 d5 3. e3 c5 4. c3 Nc6 5. Bd3 Qb6 6. dxc5 Bxc5 7. O-O Nf6 8. Nbd2 O-O 9. h3 Bd7 10. Qe2 Rac8
11. e4 dxe4 12. Nxe4 Nxe4 13. Qxe4 f5 14. Qe2 Rce8 15. Ne5 Nxe5 16. Qxe5 Bd6 17. Qe3 Bc5 18. Qe5 Bd6 19. Qe3=
1/2-1/2

[Event "2022 Standard Chess Dropout Tournament, Round 4"]
[Site "SchemingMind.com"]
[Date "2023.05.25"]
[Round "4"]
[White "Ninaner2"]
[Black "Rubén Pulido "]
[Result "1/2-1/2"]
[WhiteCountry "NED"]
[BlackCountry "CUB"]
[WhiteElo "2305"]
[WhiteRD "111"]
[BlackElo "2527"]
[BlackRD "105"]
[GameID "734366"]

1. d4 Nf6 2. c4 e6 3. Nc3 Bb4 4. e3 O-O 5. Bd3 d5 6. Nf3 dxc4 7. Bxc4 c5 8. O-O cxd4 9. exd4 b6 10. Bg5 Bb7
11. Qe2 Nbd7 12. Rac1 Bxc3 13. Rxc3 Qb8 14. Bh4 Qf4 15. Bg3 Qe4 16. Qd2 Qg6 17. Bd3 Qh5 18. Ne5 Nxe5 19. dxe5 Ne4 20. Bxe4 Bxe4
21. Qf4 Bd5 22. Rfc1 b5 23. a3 h6 24. Bh4 Qf5 25. Qxf5 exf5 26. Be7 Rfe8 27. Rc7 a6 28. g3 Kh7 29. f4 Rg8 30. R7c5 Bc4
31. Rd1 Bb3 32. Rd3 Be6 33. Kf2 a5 34. Rd6 b4 35. Rb6 bxa3 36. bxa3 Ra7 37. Bd6 a4 38. h3 Rd8 39. Rc1 Ra5 40. Ke3 Re8
41. Rbc6 Rb5 42. Bb4 Ra8 43. Rd6 Rbb8 44. Kd4 Rc8 45. Rdc6 Rd8+ 46. Rd6 Rac8 47. Rc5 Rg8 48. Rcc6 Rce8 49. Ke3 Rc8 50. Rxc8 Rxc8
51. Kd2 Bc4 52. Bc3 Be6=
1/2-1/2

[Event "2022 Standard Chess Dropout Tournament, Round 4"]
[Site "SchemingMind.com"]
[Date "2023.05.26"]
[Round "4"]
[White "NYNH"]
[Black "Keith McLaughlin"]
[Result "0-1"]
[WhiteCountry "USA"]
[BlackCountry "ENG"]
[WhiteElo "1983"]
[WhiteRD "121"]
[BlackElo "2316"]
[BlackRD "117"]
[GameID "734367"]

1. c4 e5 2. Nc3 Nf6 3. g3 Bb4 4. e4 d6 5. Nge2 O-O 6. h3 c6 7. Bg2 Be6 8. d3 d5 9. exd5 cxd5 10. cxd5 Bxd5
11. O-O Bxg2 12. Kxg2 Nc6 13. Be3 Qd7 14. d4 Bxc3 15. bxc3 Nd5 16. Bd2 Rfd8 17. c4 Nb6 18. d5 Nxc4 19. Bg5 f6 20. dxc6 Qxc6+
0-1

[Event "2022 Standard Chess Dropout Tournament, Round 4"]
[Site "SchemingMind.com"]
[Date "2023.05.25"]
[Round "4"]
[White "peeuukoo"]
[Black "Austin Lockwood"]
[Result "0-1"]
[WhiteCountry "FIN"]
[BlackCountry "ENG"]
[WhiteElo "1697"]
[WhiteRD "92"]
[BlackElo "1876"]
[BlackRD "140"]
[GameID "734368"]

1. d4 d5 2. c4 Bf5 3. Qb3 e5 4. cxd5 exd4 5. Nf3 Nf6 6. Qxb7 Nbd7 7. Nxd4 Rb8 8. Qa6 Nc5 9. Qc4 Rb4 10. Qc3 Nxd5
11. Qd2 Bxb1 12. Rxb1 Be7 13. Nc6 Qd7 14. Nxb4 Ne4 15. Qd4 Bxb4+
0-1

[Event "2022 Standard Chess Dropout Tournament, Round 4"]
[Site "SchemingMind.com"]
[Date "2023.05.29"]
[Round "4"]
[White "Dan Geana"]
[Black "southpolarice"]
[Result "1-0"]
[WhiteCountry "ROU"]
[BlackCountry "AUS"]
[WhiteElo "2556"]
[WhiteRD "123"]
[BlackElo "2020"]
[BlackRD "109"]
[GameID "734369"]

1. e4 e6 2. d4 d5 3. Nd2 c5 4. Ngf3 cxd4 5. Nxd4 Nf6 6. exd5 Nxd5 7. N2f3 Bb4+ 8. Bd2 O-O 9. Bxb4 Nxb4 10. c3 Nd5
11. Bc4 Nc6 12. Qd2 Qc7 13. Bxd5 exd5 14. O-O Bg4 15. h3 Bh5 16. Rfe1 Rfe8 17. Rxe8+ Rxe8 18. Re1 Re4 19. Nxc6 bxc6 20. Rxe4 dxe4
21. Ne5 f6 22. Nc4 Bf7 23. Qd4 Bd5 24. a4 Qf7 25. Nd6 Qe6 26. Qb4 h6 27. c4 e3 28. cxd5 exf2+ 29. Kxf2 cxd5 30. Qc5 Kh7
31. Qc2+
1-0